zpět

Detail výsledku týmu

Třiadvacítka, Mělník

Datum a čas kvízu

32.5 Celkem bodů Celkový počet nahraných bodů na tomto kvízu bez doplňovacích otázek.
3. Pořadí na kvízu Konečné umístění týmu na tomto kvízu.

Zaznamenané odpovědi

# Otázka Odpověď Body Výsledky
1. Minulý týden zaplnily internet... A 1
2. Běloruský vůdce Alexandr Lukaš... B 1
3. Minulý týden proběhlo internet... Bílý balet 0
4. Nobelovu cenu za fyziku letos... C) teleportace 0
5. V neděli proběhl již 132. roč... Mr Spex 0
6. Podívejme se nejprve na velblo... C 0
7. Přiřaďte správné výrazy k jeji... 1D 2A 3B 4C 1
8. Jeden známý biblický příměr ml... uchem jehly 1
9. Ve kterém filmu se objevuje uč... Čtyři vraždy stačí, drahoušku 1
10. Velblouda má ve znaku město Pl... husitům (sirotkům) 0